1571 1066 1638 1269 1615 1099 1809 1277 1961 2000 1932 1115 1208 1067 1300 1240 1999 1475 1425 1880 1108 1730 1378 1235 1054 1150 1832 1812 1533 1153 1174 1705 1700 1810 1923 1166 1667 1949 1903 1384 1419 1942 1800 1292 1633 1166 1839 1980 1049 1664 1477 1004 1726 1189 1137 1584 1107 1808 1280 1240 1545 1720 1277 1922 1488 1300 1415 1110 1258 1770 1873 1953 1880 1888 1860 1073 1535 1787 1493 1140 1293 1948 1745 1851 1357 1398 1974 1209 1110 1013 1225 1374 1881 1573 1870 1356 1153 1873 1361 BCNSPRNW ULIB Ver.6.0+V

เปลี่ยนเป็นภาษาไทย

Change to English
 แสดงรายละเอียดบรรณานุกรม
  กลับหน้าหลัก

Brief Record : Get Marc (ISO 2709) : E-mail record : QR code < ปิดหน้าต่าง
LEADER : 00000nam 2200000uu 4500
001    13399128014
003     ULIB
008    020711s2558 th a 000 0 tha d
060    ^aWL704^bศ275ห
100    ศรีสุดา งามขำ และ มาริสา สุวรรณราช,ผู้แปล
245    ^aหลักสำคัญในการจัดการความปวด(Essential Pain Management) คู่มือสำหรับผู้สอน การอบรมเชิงปฏิบัติการสำหรับผู้สอนและคู่มืออ้างอิง
250    ^aพิมพ์ครั้งที่ 1
260     ^bม.ป.ท.,^c2558
300    ^a88 หน้า;^b30 ซม.
650    ^aการจัดการความปวด
945    ^p0^l0^i008611
999    ^aประนอม เกษจรัล
รายการนี้ยังไม่มีแท็ก
คุณยังไม่ได้ล็อกอิน คุณสามารถมีกิจกรรมร่วมกับเว็บไซต์ได้ แต่ต้องล็อกอินก่อน ::
  ล็อกอิน

รายการสื่อสารสนเทศ

ลำดับที่ ประเภท เลขเรียก/บาร์โค้ด สถานที่ สถานะ
1. วิทยาศาสตร์การแพทย์ และสุขภาพ
วิทยาศาสตร์การแพทย์ และสุขภาพ
สถานะ=หนังสือเก่า
WL704 ศ275ห ฉ.1 
  Barcode: 008611
ห้องสมุดวิทยาเขตสวรรค์ประชารักษ์
►ส่วนจัดเก็บหนังสือเก่า สปร
บนชั้น
  ขอยืม

รายการใกล้เคียง
    หัวเรื่อง [การจัดการความปวด]

BibComment


ยังไม่เคยถูกคอมเมนท์

คอมเมนท์ทรัพยากรรายการนี้
  คอมเมนท์: หลักสำคัญในการจั..


 Copyright 2026. Bcnsprnw @Library